| 000 | 00401nam a22001577a 4500 | ||
|---|---|---|---|
| 999 |
_c11872 _d11872 |
||
| 008 | 210113b ||||| |||| 00| 0 eng d | ||
| 082 | 0 | 0 |
_a621.4021 _bS6713 |
| 100 |
_970 _aSneeden, J.B.O. |
||
| 245 | 1 | 0 |
_aApplied heat for engineers _cBy J B O. Sneeden |
| 250 | _a3rd ed. | ||
| 260 |
_aLondon _bBlackie _c1961 |
||
| 300 | _axiv,380 p. | ||
| 365 | _d18.75 | ||
| 650 | 0 | _aThermodynamics | |
| 942 | _cBK | ||